Andy Denzler (Record no. 9127)

MARC details
000 - LÍDER
campo de control de longitud fija 00792nam a2200205Ia 4500
008 - ELEMENTOS DE DATOS DE LONGITUD FIJA - INFORMACIÓN GENERAL
campo de control de longitud fija 0000002008 gw a 0000000000ger00
020 ## - INTERNATIONAL STANDARD BOOK NUMBER
International Standard Book Number 9783922268482
090 ## - NÚMERO DE LLAMADA DE TIPO LC LOCALMENTE ASIGNADO (OCLC)
Número de clasificación (OCLC) (R) PSZ00 A52
245 10 - TÍTULO DECLARACIÓN
Título Andy Denzler
Resto del título : blur motion paintings
Declaración de responsabilidad / texte HansJoachim Muller ... [et al.] ; fotografie Mike Frei ... [et al.]
260 ## - PUBLICACIÓN, DISTRIBUCIÓN
Lugar de publicación Munchen (Alemania) : Galerie von Braunbehrens
Fecha de publicación 2008
300 ## - DESCRIPCIÓN FÍSICA
Alcance 96 p.
Dimensiones / 23 cm.
500 ## - NOTA GENERAL
Nota general Exposición realizada en Galerie von Braunbehrens, Munchen, Noviembre 15, 2007 Enero 11, 2008
600 00 - ENTRADA DE SUJETO AÑADIDO - NOMBRE PERSONAL
Nombre de la persona DENZLER, ANDY, 1965/
Subdivisión general TRABAJOS PICTORICOS
650 14 - ENTRADA DE SUJETO AÑADIDO - TÉRMINO TÓPICO
Término tópico o elemento de entrada del nombre geográfico ARTE CONTEMPORANEO SUIZO
650 14 - ENTRADA DE SUJETO AÑADIDO - TÉRMINO TÓPICO
Subdivisión general CATALOGOS
650 14 - ENTRADA DE SUJETO AÑADIDO - TÉRMINO TÓPICO
Subdivisión general EXPOSICIONES
650 14 - ENTRADA DE SUJETO AÑADIDO - TÉRMINO TÓPICO
Término tópico o elemento de entrada del nombre geográfico PINTORES SUIZOS
650 14 - ENTRADA DE SUJETO AÑADIDO - TÉRMINO TÓPICO
Término tópico o elemento de entrada del nombre geográfico PINTURA SUIZA
700 1# - ENTRADA AGREGADA - NOMBRE PERSONAL
Nombre de la persona Muller, HansJoachin \ Frei, Mike
Holdings
Estado de retirada Pérdida de estatus Estado dañado No para préstamo Código de recogida Ubicación permanente Ubicación actual Ubicación de las estanterías Fecha de adquisición Número de llamada completo Código de barras Fecha de la última vez que se vio Número de copia Precio efectivo desde Tipo de artículo Koha
        General ArtNexus ArtNexus General 06/09/2022 P-SZ-00 A52 9132 06/09/2022 Ej.1 06/09/2022 Libro

Powered by Koha